000 02974nam a2200337 i 4500
003 DO-SdBNP
005 20250429094042.0
007 ta
008 250429b2024 dr ab||| |||| 00| 0 spa d
020 _a9789945510720
040 _aDO-SdBNP
_bspa
_cBNPHU
_erda
041 _aspa
082 4 _a0
_bS211n
_222
100 _aSánchez Paulino, Jonás
_eautor
_4aut.
_974654
245 1 0 _aNecropolitanos :
_bla rabia de los demonios /
_cJonás Sánchez Paulino ; ilustrado por Markus Edjical ; corrección María del Carmen Vicente, Modesto Cuesta y Apolinar Liz Rodríguez.
250 _aPrimera edición
264 4 _aSanto Domingo, República Dominicana :
_bEditora Nacional,
_c©2024.
300 _a264 páginas :
_bilustraciones, mapas ;
_c23 cm
336 _atexto
_btxt
_2rdacontent
337 _asin mediación
_bn
_2rdamedia
338 _avolumen
_bnc
_2rdacarrier
500 _aIncluye datos del autor en la solapa de la cubierta
505 _aCapítulo I. 2533 d. C., 17 --
_tCapítulo II. Zona de prueba, 18 --
_tCapítulo III. Almas de arena, 26 --
_tCapítulo IV. Hoy se acaban los atardeceres, 31 --
_tCapítulo V. Infierno en el puente Duarte, 39 --
_tCapítulo VI. Las tinieblas de la luz, 46 --
_tCapítulo VII. Electrocardiozombi, 55 --
_tCapítulo VIII. Entre caníbales, 65 --
_tCapítulo IX. El providencialista, 71 --
_tCapítulo X. Ruinas de Metal, 78 --
_tCapítulo XI. El festín no es para llevar, 85 --
_t Capítulo XII. El misericordioso, 91 --
_tCapítulo XIII. Bunker de mando, 97 --
_tCapítulo XlV. CONAHU, 101 ---
_tCapítulo XV. Filibusteros y bucaneros, 107 --
_tCapítulo XVI. La chispa de la superstición, 113 --
_tCapítulo XVII. Desoxigenado, 117 --
_tCapítulo XVIII. Expedición Dragón, 125 --
_tCapítulo XIX. Mambo mortal, 133 --
_tCapítulo XX. Espectrograma, 140 --
_tCapítulo XXI. Filibuspunk, 145 --
_tCapítulo XXII. Metamorpunk, 150 --
_tCapítulo XXIII. Carnicero, 161 --
_tCapítulo XXIV. Espectros de la memoria, 168 --
_tCapítulo XXV. La tierra prometida, 171 --
_tCapítulo XXVII. Necrokalonji, 191 --
_tCapítulo XXVIII. Licuado de sesos, 197 --
_tCapítulo XXIX. El resucitado, 205 --
_tCapítulo XXX. «Ou tonbe, Santo Doming, mwen leve, Ayiti», 217 --
_tCapítulo XXXI. Glu, glu, glu, glu en un fraseo, 223 --
_tCapítulo XXXII. El dios de la guerra, el hierro y la necrociencia, 231 --
_tCapítulo XXXIII. En marcha, 235 --
_tCapítulo XXXIV. El frio es mi aliado, 241 --
_tCapítulo XXXV. Avalancha de voces espectrales, 245 --
_tCapítulo XXXVI. Bahía de Mpungo o bahía del Diablo, 253 --
_tCapítulo XXXVII. La mirada en blanco, 257 --
_tCapítulo XXXVIII. Continuación, 261 --
_tGlosario, 263.
590 _aInventariado, 2025 /LP
700 1 _aEdjical, Markus
_eilustrador
_4il.
_987561
700 1 _aVicente, María del Carmen,
_ecorrector
_4corr.
_957201
700 1 _aCuesta, Modesto,
_ecorrector
_4corr.
_93209
700 1 _aRodríguez, Apolinar Liz,
_ecorrector
_4corr.
_987319
910 _aLP
942 _2ddc
_cLBS1
999 _c58287
_d58287